| 000 | 01670ngm a22003370a 4500 | ||
|---|---|---|---|
| 001 | PT19097 | ||
| 003 | AR-LpoUNG | ||
| 005 | 20210202000258.0 | ||
| 007 | vd cvaizq | ||
| 008 | 191001s2004||||ag |||||||||||||||||eng d | ||
| 037 | _c$16,63 | ||
| 040 |
_aAR-LpoUNG _bspa _cAR-LpoUNG _eaacr |
||
| 044 | _aag | ||
| 082 | 0 | _a943.1 395goo | |
| 100 | 1 |
_aBecker, Wolfang _edir. |
|
| 245 | 1 | 0 | _aGood bye Lenin |
| 260 |
_aBuenos Aires : _bAVH, _c2004. |
||
| 300 | _aVHS (118 min.) : son., col. | ||
| 505 | 0 | _aSubtítulos en español | |
| 520 | _aOctubre de 1989 no era el mejor momento para entrar en coma si vivías en Alemania Oriental y eso es precisamente lo que le ocurre a la madre de Alex, una mujer orgullosa de sus ideas socialistas. Alex se ve envuelto en una complicada situación cuando su madre despierta de repente ocho meses después. Ninguna otra cosa podría afectar tanto a su madre como la caída del Muro de Berlín y el triunfo del capitalismo en su amada Alemania Oriental. Para salvar a su madre, Alex convierte el apartamento familiar en una isla anclada en el pasado, una especie de museo del socialismo en el que su madre vive cómodamente creyendo que nada ha cambiado. Lo que empieza como una pequeña mentira piadosa se convierte en una gran estafa cuando la hermana de Alex y algunos vecinos se encargan de mantener la farsa para que la madre de Alex siga creyendo que al final Lenin venció. | ||
| 650 | 4 | _aALEMANIA | |
| 650 | 4 | _aCOMUNISMO | |
| 650 | 4 | _aDRAMA | |
| 650 | 4 | _aHISTORIA SOCIAL | |
| 650 | 4 | _aSISTEMAS POLITICOS | |
| 651 | 4 | _aDinamarca | |
| 653 | _aCOMEDIA | ||
| 653 | _aVIDEOS | ||
| 905 | _a19097 | ||
| 942 | _cVIDEO | ||
| 999 |
_c54514 _d54514 |
||